000 00564nam a2200193Ia 4500
005 20250508155834.0
008 008 250505s9999 xx 000 0 eng d
037 _aDissertations
040 _aFEDL
_beng
_cFEDL
041 _aeng
_2eng
084 _a370.1, MUK/DI
_qFEDL
100 _aMukhopadhyaya Bhaskara Nath
_9767615
245 0 _aEducational philosophy of Rabindra Nath Tagore
260 _c1955
300 _a83p.
546 _aM.Ed. Dissertation, 1955 (Delhi University)
942 _cDIS
_h370.1, MUK/DI
999 _c1359543
_d1359543